La conférence de Rome marque-t-elle la fin d'une Europe? (Record no. 567875)

000 -CABECERA
Campo de control de longitud fija 00455nab a2200145Ia 4500
003 - IDENTIFICADOR DEL NÚMERO DE CONTROL
Campo de control ES-SlBCS
005 - FECHA Y HORA DE LA ÚLTIMA TRANSACCIÓN
Campo de control 20210601131732.0
008 - CÓDIGOS DE INFORMACIÓN DE LONGITUD FIJA
Campo de control de longitud fija 140529s1953 xxu||||| |||| 00| 0 fre d
041 ## - CÓDIGO DE LENGUA
Código de lengua del texto/banda sonora o título independiente fre
100 1# - PUNTO DE ACCESO PRINCIPAL-NOMBRE DE PERSONA
Nombre de persona Courtet, François
9 (RLIN) 188417
245 00 - MENCIÓN DE TÍTULO
Título La conférence de Rome marque-t-elle la fin d'une Europe?
Mención de responsabilidad, etc. François Courtet
611 24 - PUNTO DE ACCESO ADICIONAL DE MATERIA-NOMBRE DE CONGRESO
Nombre de congreso o nombre de jurisdicción como elemento inicial Conferencia de Roma
9 (RLIN) 188418
773 0# - ENLACE AL DOCUMENTO FUENTE
Título Vie Intelectuelle (La)
Parte(s) relacionada(s) nº. 4, 1953, págs. 86-89
Número de control del registro relacionado Rev907
942 ## - ENTRADA DE ELEMENTOS AGREGADOS (KOHA)
Koha [por defecto] tipo de item Artículos de revista
Holdings
Suprimido Perdido Estropeado No para préstamo Localización permanente Localización actual Localización en estantería Fecha adquisición Préstamos totales Fecha última consulta Fecha del precio de reemplazo Tipo de item de Koha
        San Esteban San Esteban Depósito de revistas 11/07/2014   11/07/2014 11/07/2014 Artículos de revista

Bibliotecas Dominicos Provincia Hispania, 2016

Con tecnología Koha